Builders of American institutions : (Record no. 9402)
[ view plain ]
| 000 -LEADER | |
|---|---|
| fixed length control field | 01115nam a2200325 a 4500 |
| 001 - CONTROL NUMBER | |
| control field | 411680 |
| 003 - CONTROL NUMBER IDENTIFIER | |
| control field | OSt |
| 005 - DATE AND TIME OF LATEST TRANSACTION | |
| control field | 20140310182112.0 |
| 008 - FIXED-LENGTH DATA ELEMENTS--GENERAL INFORMATION | |
| fixed length control field | 720424s1972 ilu b 001 0 eng |
| 010 ## - LIBRARY OF CONGRESS CONTROL NUMBER | |
| LC control number | 71178230 //r96 |
| 040 ## - CATALOGING SOURCE | |
| Original cataloging agency | LC |
| Language of cataloging | eng |
| Transcribing agency | LC |
| Modifying agency | LC |
| 043 ## - GEOGRAPHIC AREA CODE | |
| Geographic area code | n-us--- |
| 050 00 - LIBRARY OF CONGRESS CALL NUMBER | |
| Classification number | E 173 |
| Item number | .B932 1972 vol.2 |
| 082 ## - DEWEY DECIMAL CLASSIFICATION NUMBER | |
| Classification number | HS 970 |
| Item number | F88 1972 |
| 100 1# - MAIN ENTRY--PERSONAL NAME | |
| Personal name | Freidel, Frank, |
| Relator term | ed. |
| 9 (RLIN) | 13487 |
| 245 10 - TITLE STATEMENT | |
| Title | Builders of American institutions : |
| Remainder of title | readings in United States history / |
| Statement of responsibility, etc | Frank Freidel, Norman Pollack, Robert Cruden. |
| 250 ## - EDITION STATEMENT | |
| Edition statement | 2d ed. |
| 260 ## - PUBLICATION, DISTRIBUTION, ETC. (IMPRINT) | |
| Place of publication, distribution, etc | Chicago, |
| Name of publisher, distributor, etc | Rand McNally |
| Date of publication, distribution, etc | [1972] |
| 300 ## - PHYSICAL DESCRIPTION | |
| Extent | 350 p. ; |
| Dimensions | 23 cm. |
| 490 0# - SERIES STATEMENT | |
| Series statement | Rand McNally history series |
| 504 ## - BIBLIOGRAPHY, ETC. NOTE | |
| Bibliography, etc | Includes bibliographical references. |
| 505 0# - FORMATTED CONTENTS NOTE | |
| Formatted contents note | v. 1. Seventeenth century through Reconstruction.--v. 2. Reconstruction to the present. |
| 651 #0 - SUBJECT ADDED ENTRY--GEOGRAPHIC NAME | |
| Geographic name | United States |
| General subdivision | History |
| -- | Sources. |
| 9 (RLIN) | 13488 |
| 651 #0 - SUBJECT ADDED ENTRY--GEOGRAPHIC NAME | |
| Geographic name | United States |
| General subdivision | History. |
| 9 (RLIN) | 13489 |
| 700 1# - ADDED ENTRY--PERSONAL NAME | |
| Personal name | Crunden, Robert Morse, |
| Relator term | joint ed. |
| 9 (RLIN) | 13490 |
| 700 1# - ADDED ENTRY--PERSONAL NAME | |
| Personal name | Pollack, Norman, |
| Relator term | joint ed. |
| 9 (RLIN) | 13491 |
| 942 ## - ADDED ENTRY ELEMENTS (KOHA) | |
| Source of classification or shelving scheme | Library of Congress Classification |
| Withdrawn status | Lost status | Source of classification or shelving scheme | Damaged status | Home library | Current library | Shelving location | Date acquired | Total Checkouts | Full call number | Barcode | Date last seen | Copy number | Price effective from | Koha item type |
|---|---|---|---|---|---|---|---|---|---|---|---|---|---|---|
| Library of Congress Classification | Luxembourg Library | Luxembourg Library | High School Section | 08/24/2013 | E 173 .B932 1972 vol.2 | 1084 | 08/24/2013 | 1 | 08/24/2013 | Books |